000 00345nam a2200121Ia 4500
008 241014s9999||||xx |||||||||||||| ||und||
020 _a0-8018-3282-9
060 _aQS 17 S 1986
100 _aSchlossberg, Leon
245 4 _aThe Johns Hopkins Atlas Of Humn Functional Anatomy
260 _bThe Johan hopkins university Press.
942 _bSPH
_cBK
999 _c19106
_d19106